Solution-focused business coaching (Record no. 4991)

MARC details
000 -CABECERA
campo de control de longitud fija 02197cam a2200361 i 4500
001 - NÚMERO DE CONTROL
campo de control 10071801
003 - IDENTIFICADOR DEL NÚMERO DE CONTROL
campo de control CaAEU
005 - FECHA Y HORA DE LA ÚLTIMA TRANSACCIÓN
campo de control 20251002120542.0
006 - CÓDIGOS DE INFORMACIÓN DE LONGITUD FIJA--CARACTERÍSTICAS DEL MATERIAL ADICIONAL
campo de control de longitud fija m o d
007 - CAMPO FIJO DE DESCRIPCIÓN FÍSICA--INFORMACIÓN GENERAL
campo de control de longitud fija cr un|---aucuu
008 - DATOS DE LONGITUD FIJA--INFORMACIÓN GENERAL
campo de control de longitud fija 221101s2022 sz a ob 000 0 eng d
020 ## - NÚMERO INTERNACIONAL ESTÁNDAR DEL LIBRO
Número Internacional Estándar del Libro 9783031076992
024 7# - IDENTIFICADOR DE OTROS ESTÁNDARES
Número estándar o código 10.1007/978-3-031-07700-5
Fuente del número o código doi
035 ## - NÚMERO DE CONTROL DEL SISTEMA
Número de control de sistema on1349470387
039 ## - NIVEL DE CONTROL BIBLIOGRÁFICO Y DETALLES DE CODIFICACIÓN [OBSOLETO]
Nivel de reglas en descripción bibliográfica exclude
040 ## - FUENTE DE LA CATALOGACIÓN
Centro catalogador/agencia de origen GW5XE
Lengua de catalogación eng
Normas de descripción rda
-- pn
Centro/agencia transcriptor GW5XE
Centro/agencia modificador YDX
-- AEU
041 1# - CÓDIGO DE LENGUA
Código de lengua del texto/banda sonora o título independiente eng
041 1# - CÓDIGO DE LENGUA
Código de lengua original ger
050 ## - SIGNATURA TOPOGRÁFICA DE LA BIBLIOTECA DEL CONGRESO
Número de clasificación HF5549.5.C53
100 ## - ENTRADA PRINCIPAL--NOMBRE DE PERSONA
Nombre de persona Middendorf, Jörg
Término indicativo de función/relación author
9 (RLIN) 25971
240 10 - TÍTULO UNIFORME
Título uniforme Lösungsorientiertes Coaching.
Lenguaje de la obra English
245 10 - MENCIÓN DE TÍTULO
Título Solution-focused business coaching
Resto del título : a guide for individual and team coaching
Mención de responsabilidad, etc. / Jörg Middendorf.
260 ## - PUBLICACIÓN, DISTRIBUCIÓN, ETC.
Lugar de publicación, distribución, etc. Cham, Switzerland :
Nombre del editor, distribuidor, etc. Springer,
Fecha de publicación, distribución, etc. 2022.
300 ## - DESCRIPCIÓN FÍSICA
Extensión 128 pages :
Otras características físicas illustrations (black and white) ;
Dimensiones 22 cm.
490 ## - MENCIÓN DE SERIE
Mención de serie Business guides on the go,
Número Internacional Normalizado para Publicaciones Seriadas 2731-4766
504 ## - NOTA DE BIBLIOGRAFÍA, ETC.
Nota de bibliografía, etc. Includes bibliographical references.
505 0# - NOTA DE CONTENIDO CON FORMATO
Nota de contenido con formato Part I Individual Coaching — 1 It Is Not About Solutions! — 2 If It's Not Broken, Don't Fix it — 3 It Is Simple and Sometimes Easy — 4 It Is More than a Miracle — Part II Team Coaching: Reteaming — 5 It Is All About Motivation: Reteaming — 6 It Starts with a Motto: The Assignment — 7 It Is About the Team⁰́₉s Future: The Team Coaching Workshop 91 — 8 It Is Only 12 Steps: The Team Coaching — Workshop — Literature.
520 ## - SUMARIO, ETC.
Sumario, etc. This book presents the fundamentals and applications of solution-focused coaching both in individual coaching and in coaching entire teams. It provides central tools for consulting as well as an extensive collection of solution-focused coaching questions for practical use. In the second part of the book, methods and procedures for conducting team coaching workshops are presented. The book is aimed primarily at coaches and consultants who want to enrich their work with solution-focused coaching, as well as managers especially in the field of human resource management.
588 0# - NOTA DE FUENTE DE LA DESCRIPCIÓN
Nota de fuente de la descripción Online resource; title from PDF title page (SpringerLink, viewed November 1, 2022).
650 #0 - PUNTO DE ACCESO ADICIONAL DE MATERIA--TÉRMINO DE MATERIA
Término de materia o nombre geográfico como elemento de entrada Employees
Subdivisión general Coaching of
9 (RLIN) 10908
650 #0 - PUNTO DE ACCESO ADICIONAL DE MATERIA--TÉRMINO DE MATERIA
Término de materia o nombre geográfico como elemento de entrada Teams in the workplace
9 (RLIN) 655
942 ## - ELEMENTOS DE ENTRADA AGREGADA (KOHA)
Fuente del sistema de clasificación o colocación Clasificación de Library of Congress
Holdings
Estado de retiro Estado de pérdida Fuente del sistema de clasificación o colocación Estado dañado No para préstamo Biblioteca de origen Biblioteca actual Fecha de adquisición Total de préstamos Signatura topográfica completa Código de barras Fecha visto por última vez Número de copia Precio válido a partir de Tipo de ítem Koha
    Clasificación Decimal Dewey     TBS Barcelona TBS Barcelona 02/10/2025   HF5549.5.C53 MID B07634 02/10/2025 1 02/10/2025 Book

Powered by Koha